<?xml version="1.0" encoding="UTF-8"?>
<collection xmlns="http://www.loc.gov/MARC21/slim">
 <record>
  <leader>02904nam a22003257a 4500</leader>
  <controlfield tag="001">NCT_139067</controlfield>
  <controlfield tag="008">220630b        xxu||||| |||| 00| 0 vie d</controlfield>
  <datafield tag="999" ind1=" " ind2=" ">
   <subfield code="c">7174</subfield>
   <subfield code="d">7174</subfield>
  </datafield>
  <datafield tag="020" ind1=" " ind2=" ">
   <subfield code="c">27000</subfield>
  </datafield>
  <datafield tag="082" ind1="0" ind2="4">
   <subfield code="2">23rd ed.</subfield>
   <subfield code="a">570.15195</subfield>
   <subfield code="b">T103</subfield>
  </datafield>
  <datafield tag="100" ind1="1" ind2=" ">
   <subfield code="a">Võ Văn Tài</subfield>
  </datafield>
  <datafield tag="245" ind1="1" ind2="0">
   <subfield code="a">Giáo trình thống kê ứng dụng trong sinh học</subfield>
   <subfield code="c">Võ Văn Tài, Nguyễn Thị Hồng Dân</subfield>
  </datafield>
  <datafield tag="260" ind1=" " ind2=" ">
   <subfield code="a">Cần Thơ</subfield>
   <subfield code="b">Đại học Cần Thơ</subfield>
   <subfield code="c">2013</subfield>
  </datafield>
  <datafield tag="300" ind1=" " ind2=" ">
   <subfield code="a">159 tr.</subfield>
   <subfield code="b">Minh họa</subfield>
   <subfield code="c">24cm</subfield>
  </datafield>
  <datafield tag="504" ind1=" " ind2=" ">
   <subfield code="a">Sách có danh mục tài liệu tham khảo</subfield>
  </datafield>
  <datafield tag="520" ind1="3" ind2=" ">
   <subfield code="a">Giáo trình giới thiệu những khái niệm cơ bản trong thống kê, cũng như thống kê trong sinh học; Trình bày những bài toán kiểm định cơ bản của thống kê được ứng dụng trong sinh học; Giới thiệu các phương pháp bố trí thí nghiệm được sử dụng trong sinh học; Sử dụng các mô hình hồi quy tuyến tính đơn, hồi quy tuyến tính bội và một số mô hình phi tuyến tính dạng mũ, logistic trong dự báo sinh học.</subfield>
  </datafield>
  <datafield tag="653" ind1=" " ind2=" ">
   <subfield code="a">Y đa khoa</subfield>
  </datafield>
  <datafield tag="700" ind1="1" ind2=" ">
   <subfield code="a">Nguyễn Thị Hồng Dân</subfield>
  </datafield>
  <datafield tag="942" ind1=" " ind2=" ">
   <subfield code="2">ddc</subfield>
   <subfield code="c">BK</subfield>
  </datafield>
  <datafield tag="952" ind1=" " ind2=" ">
   <subfield code="0">0</subfield>
   <subfield code="1">0</subfield>
   <subfield code="2">ddc</subfield>
   <subfield code="4">0</subfield>
   <subfield code="6">570_151950000000000_T103</subfield>
   <subfield code="7">0</subfield>
   <subfield code="9">25613</subfield>
   <subfield code="a">000001</subfield>
   <subfield code="b">000001</subfield>
   <subfield code="d">2022-07-13</subfield>
   <subfield code="o">570.15195 T103</subfield>
   <subfield code="p">MD.20126</subfield>
   <subfield code="r">2022-07-13</subfield>
   <subfield code="v">27000.00</subfield>
   <subfield code="w">2022-07-13</subfield>
   <subfield code="y">BK</subfield>
  </datafield>
  <datafield tag="952" ind1=" " ind2=" ">
   <subfield code="0">0</subfield>
   <subfield code="1">0</subfield>
   <subfield code="2">ddc</subfield>
   <subfield code="4">0</subfield>
   <subfield code="6">570_151950000000000_T103</subfield>
   <subfield code="7">0</subfield>
   <subfield code="9">25614</subfield>
   <subfield code="a">000001</subfield>
   <subfield code="b">000001</subfield>
   <subfield code="d">2022-07-13</subfield>
   <subfield code="o">570.15195 T103</subfield>
   <subfield code="p">MD.20127</subfield>
   <subfield code="r">2022-07-13</subfield>
   <subfield code="v">27000.00</subfield>
   <subfield code="w">2022-07-13</subfield>
   <subfield code="y">BK</subfield>
  </datafield>
  <datafield tag="952" ind1=" " ind2=" ">
   <subfield code="0">0</subfield>
   <subfield code="1">0</subfield>
   <subfield code="2">ddc</subfield>
   <subfield code="4">0</subfield>
   <subfield code="6">570_151950000000000_T103</subfield>
   <subfield code="7">0</subfield>
   <subfield code="9">25615</subfield>
   <subfield code="a">000001</subfield>
   <subfield code="b">000001</subfield>
   <subfield code="d">2022-07-13</subfield>
   <subfield code="o">570.15195 T103</subfield>
   <subfield code="p">MD.20128</subfield>
   <subfield code="r">2022-07-13</subfield>
   <subfield code="v">27000.00</subfield>
   <subfield code="w">2022-07-13</subfield>
   <subfield code="y">BK</subfield>
  </datafield>
  <datafield tag="952" ind1=" " ind2=" ">
   <subfield code="0">0</subfield>
   <subfield code="1">0</subfield>
   <subfield code="2">ddc</subfield>
   <subfield code="4">0</subfield>
   <subfield code="6">570_151950000000000_T103</subfield>
   <subfield code="7">0</subfield>
   <subfield code="9">25616</subfield>
   <subfield code="a">000001</subfield>
   <subfield code="b">000001</subfield>
   <subfield code="d">2022-07-13</subfield>
   <subfield code="o">570.15195 T103</subfield>
   <subfield code="p">MD.20129</subfield>
   <subfield code="r">2022-07-13</subfield>
   <subfield code="v">27000.00</subfield>
   <subfield code="w">2022-07-13</subfield>
   <subfield code="y">BK</subfield>
  </datafield>
  <datafield tag="952" ind1=" " ind2=" ">
   <subfield code="0">0</subfield>
   <subfield code="1">0</subfield>
   <subfield code="2">ddc</subfield>
   <subfield code="4">0</subfield>
   <subfield code="6">570_151950000000000_T103</subfield>
   <subfield code="7">0</subfield>
   <subfield code="9">25617</subfield>
   <subfield code="a">000001</subfield>
   <subfield code="b">000001</subfield>
   <subfield code="d">2022-07-13</subfield>
   <subfield code="l">1</subfield>
   <subfield code="m">1</subfield>
   <subfield code="o">570.15195 T103</subfield>
   <subfield code="p">MD.20130</subfield>
   <subfield code="r">2023-03-11</subfield>
   <subfield code="s">2023-02-09</subfield>
   <subfield code="v">27000.00</subfield>
   <subfield code="w">2022-07-13</subfield>
   <subfield code="y">BK</subfield>
  </datafield>
  <datafield tag="952" ind1=" " ind2=" ">
   <subfield code="0">0</subfield>
   <subfield code="1">0</subfield>
   <subfield code="2">ddc</subfield>
   <subfield code="4">0</subfield>
   <subfield code="6">570_151950000000000_T103</subfield>
   <subfield code="7">0</subfield>
   <subfield code="9">25618</subfield>
   <subfield code="a">000001</subfield>
   <subfield code="b">000001</subfield>
   <subfield code="d">2022-07-13</subfield>
   <subfield code="o">570.15195 T103</subfield>
   <subfield code="p">MD.20131</subfield>
   <subfield code="r">2022-07-13</subfield>
   <subfield code="v">27000.00</subfield>
   <subfield code="w">2022-07-13</subfield>
   <subfield code="y">BK</subfield>
  </datafield>
  <datafield tag="952" ind1=" " ind2=" ">
   <subfield code="0">0</subfield>
   <subfield code="1">0</subfield>
   <subfield code="2">ddc</subfield>
   <subfield code="4">0</subfield>
   <subfield code="6">570_151950000000000_T103</subfield>
   <subfield code="7">0</subfield>
   <subfield code="9">25619</subfield>
   <subfield code="a">000001</subfield>
   <subfield code="b">000001</subfield>
   <subfield code="d">2022-07-13</subfield>
   <subfield code="o">570.15195 T103</subfield>
   <subfield code="p">MD.20132</subfield>
   <subfield code="r">2022-07-13</subfield>
   <subfield code="v">27000.00</subfield>
   <subfield code="w">2022-07-13</subfield>
   <subfield code="y">BK</subfield>
  </datafield>
  <datafield tag="952" ind1=" " ind2=" ">
   <subfield code="0">0</subfield>
   <subfield code="1">0</subfield>
   <subfield code="2">ddc</subfield>
   <subfield code="4">0</subfield>
   <subfield code="6">570_151950000000000_T103</subfield>
   <subfield code="7">0</subfield>
   <subfield code="9">25620</subfield>
   <subfield code="a">000001</subfield>
   <subfield code="b">000001</subfield>
   <subfield code="d">2022-07-13</subfield>
   <subfield code="o">570.15195 T103</subfield>
   <subfield code="p">MD.20133</subfield>
   <subfield code="r">2022-07-13</subfield>
   <subfield code="v">27000.00</subfield>
   <subfield code="w">2022-07-13</subfield>
   <subfield code="y">BK</subfield>
  </datafield>
  <datafield tag="952" ind1=" " ind2=" ">
   <subfield code="0">0</subfield>
   <subfield code="1">0</subfield>
   <subfield code="2">ddc</subfield>
   <subfield code="4">0</subfield>
   <subfield code="6">570_151950000000000_T103</subfield>
   <subfield code="7">0</subfield>
   <subfield code="9">25621</subfield>
   <subfield code="a">000001</subfield>
   <subfield code="b">000001</subfield>
   <subfield code="d">2022-07-13</subfield>
   <subfield code="o">570.15195 T103</subfield>
   <subfield code="p">MD.20134</subfield>
   <subfield code="r">2022-07-13</subfield>
   <subfield code="v">27000.00</subfield>
   <subfield code="w">2022-07-13</subfield>
   <subfield code="y">BK</subfield>
  </datafield>
  <datafield tag="952" ind1=" " ind2=" ">
   <subfield code="0">0</subfield>
   <subfield code="1">0</subfield>
   <subfield code="2">ddc</subfield>
   <subfield code="4">0</subfield>
   <subfield code="6">570_151950000000000_T103</subfield>
   <subfield code="7">0</subfield>
   <subfield code="9">25622</subfield>
   <subfield code="a">000001</subfield>
   <subfield code="b">000001</subfield>
   <subfield code="d">2022-07-13</subfield>
   <subfield code="o">570.15195 T103</subfield>
   <subfield code="p">MD.20135</subfield>
   <subfield code="r">2022-07-13</subfield>
   <subfield code="v">27000.00</subfield>
   <subfield code="w">2022-07-13</subfield>
   <subfield code="y">BK</subfield>
  </datafield>
  <datafield tag="980" ind1=" " ind2=" ">
   <subfield code="a">Thư viện Trường Đại học Nam Cần Thơ</subfield>
  </datafield>
 </record>
</collection>
